000 00483nam a2200181Ia 4500
001 5213
005 20260306145852.0
008 260306t2006||||xx |||||||||||||| ||spa||
041 _aESP
082 _a338.185
_bM42
100 _aMendieta, Claudia
_eAUT
245 0 _aPropuestas para una economía rural competitiva e incluyente, en el marco de un desarrollo
260 _c2006
300 _a71 páginas :
_c29 cm.
650 _aGEN
654 _aCAN
942 _cLIB
_dJUS
_fJUS
_2ddc
_n
999 _c5213
_d5213